Nocte ; Láska

Bibliographic Details
Main Author: Slovák, Martin (Author)
Format: Article
Language:Slovak
ISSN:1210-2210
Subjects:

MARC

LEADER 00000nab a2200000 a 4500
001 vtls000726849
003 SK-MaSNL
005 20260304104737.0
008 250429c1999 xo 0 slo
015 |a SNBRB2000/07-18187 
035 |a CLN000079003 
035 |a urn:nbn:sk:snk-abbtjp 
035 |a (urnnbn)urn:nbn:sk:snk:ar-003vkm 
035 |a (uuid)1de1411d-cd47-474a-bba1-ad566aafa5f9 
040 |a SNKBUCL  |b slo  |c SNKBUCL  |e AACR2 
041 0 |a slo 
044 |a xo  |c SK 
080 |a 885.4-1  |2 1997 
100 1 |a Slovák, Martin  |4 aut  |9 1024481 
245 1 0 |a Nocte ; Láska  |c Martin Slovák 
504 |a Biogr. údaje 
650 0 7 |a lyrické básne, slovenské  |2 snkbucl  |9 28980 
655 7 |a články z novín a časopisov  |2 snkbucl  |9 267496 
773 0 |t Dotyky  |g Roč. 11, č. 9-10 (1999)  |g S. 11  |x 1210-2210  |x 1210-2210 
773 0 |t [Príl.] Katapult  |g Roč. 11, č. 9-10 (1999)  |g S. 11  |x 1210-2210  |x 1210-2210 
850 |a Slovenská národná knižnica 
852 |a Slovenská národná knižnica 
958 |a article15 
958 |a OND 
958 |a LX 
958 |a SK 
958 |a EUIPO 
992 |a RBX 
999 |c 2852783  |d 2854713